| 000 | 00339 a2200145 4500 | ||
|---|---|---|---|
| 001 | 63802 | ||
| 082 | _a532.05 BAT | ||
| 090 |
_c37747 _d37747 |
||
| 100 | _aBatchelor, G K | ||
| 245 | _aAn Introduction to Fluid Dynamics | ||
| 250 | _a1st | ||
| 260 |
_aLondon _bCambridge University _c1967 |
||
| 300 | _a615p | ||
| 500 | _aMS Textbooks | ||
| 942 |
_aNUST-CAE _k532.05 BAT |
||
| 999 |
_c298875 _d298875 |
||